| 000 | 00455nam a2200193Ia 4500 | ||
|---|---|---|---|
| 008 | 170918s9999 xx 000 0 und d | ||
| 020 | _a9781442428805 | ||
| 050 | _bV891 1983 | ||
| 100 | _aVoigt, Cynthia | ||
| 245 | 2 | _aA solitary blue / | |
| 245 | _cby Cynthia Voigt. | ||
| 260 | _aNew York : | ||
| 260 | _bAtheneum, | ||
| 260 | _c1983 | ||
| 300 | _a249 pages : | ||
| 300 | _billustrations ; | ||
| 300 | _c21cm. | ||
| 300 | _eTillerman cycle ; | ||
| 999 |
_c343642 _d343642 |
||